|
|
|
|
| LEADER |
00882cam a2200205 7i4500 |
| 001 |
0000021683 |
| 005 |
20081009090000.0 |
| 022 |
0 |
0 |
|a 1511-4953
|
| 090 |
0 |
0 |
|a M 669.14025
|b MAL
|
| 110 |
2 |
0 |
|a Malaysian Iron & Steel Industry Federation (MISIF)
|
| 245 |
2 |
0 |
|a MISIF directory 2008/2009 :
|b index to iron & steel manufacturers in Malaysia.
|
| 260 |
0 |
0 |
|a Shah Alam:
|b Malaysian Iron & Steel Industry Federation (MISIF),
|c 2008.
|
| 300 |
# |
# |
|a 321 p.
|
| 650 |
0 |
0 |
|a Iron industry and trade --
|x Directories --
|z Malaysia
|
| 650 |
0 |
0 |
|a Steel industry and trade --
|x Directories --
|z Malaysia
|
| 651 |
0 |
0 |
|a Malaysia
|
| 999 |
|
|
|a PNG000790H
|b Directories
|c Malaysia
|e MATRADE Northern Regional Office
|
| 999 |
|
|
|a SBH000772H
|b Directories
|c Malaysia
|e MATRADE Sabah
|
| 999 |
|
|
|a SRW000199H
|b Directories
|c Malaysia
|e MATRADE Sarawak
|
| 999 |
|
|
|a TRG000052H
|b Directories
|c Malaysia
|e MATRADE Eastern Regional Office
|